000 00410nam a2200169Ia 4500
003 LK-CoDNM
008 010623t1918 xxu||||| |||| 00| 1 eng d
040 _aLK-CoDNM
_dLK-CoDNM
_eLK-CoDNM
041 _aeng
080 _a50
_bD3
100 _aRea,J.T.
_eed.
245 _aBuilding in Ceylon
260 _bTimes of Ceylon
_aColombo
_c1918
300 _b54P,3ill., 20 cm
650 _aArchitecture
942 _cBK
999 _c89350
_d89350